|
|
|
|
| LEADER |
00644nab a2200193 i 4500 |
| 001 |
univ14800 |
| 005 |
20240719132531.0 |
| 008 |
180207s1980 hu o 000 hun d |
| 022 |
|
|
|a 0230-791X
|
| 040 |
|
|
|a SZTE UnivHistória Repozitórium
|b hun
|
| 041 |
|
|
|a hun
|
| 100 |
1 |
|
|a Palágyi György
|
| 245 |
1 |
0 |
|a Lehetne több lelkesedéssel?!
|h [elektronikus dokumentum] /
|c Palágyi György
|
| 260 |
|
|
|c 1980
|
| 300 |
|
|
|a 7
|
| 490 |
0 |
|
|a Szegedi Egyetem
|v 18 No. 6
|
| 561 |
|
|
|a Egyetemi, hallgatói élet
|
| 695 |
|
|
|a Sport - egyetemi, József Attila Tudományegyetem
|
| 856 |
4 |
0 |
|u http://univ.bibl.u-szeged.hu/14800/1/sze_1980_006_007.pdf
|z Dokumentum-elérés
|